Praca i zabezpieczenie spoleczne Miesiecznik

Enregistré dans:
Détails bibliographiques
Format: Publication en série
Langue:polonais
Publié: Warszawa Panstwowe Wydawnictwo Ekonomiczne 1993
Tags: Ajouter un tag
Pas de tags, Soyez le premier à ajouter un tag!

MARC

LEADER 00000nas2a2200000 4500
001 s013963
005 20250619124940.9
041 0 |a pol 
044 |a PL 
245 1 0 |a Praca i zabezpieczenie spoleczne  |b Miesiecznik 
264 1 |a Warszawa  |b Panstwowe Wydawnictwo Ekonomiczne  |c 1993 
300 |a 2 zv.